Ведьмачье слово: фантастический роман

Xehetasun bibliografikoak
Egile nagusia: Васильев В. Н. Владимир Николаевич
Gaia:Новые приключения Ведьмака из Большого Киева, чья работа — сражаться не с монстрами и чудовищами, а со взбесившейся техникой! Впрочем, эта профессия очень востребована в поразительном мире, где маги работают механиками, эльфы обитают в «спальных районах», гномы объединяются в шахтерские профсоюзы, а вирги — управляют местными преступными группировками. Случается, впрочем, что и ведьмаки не в силах сразу распознать, с какой такой нечистью они столкнулись на прибрежном химкомбинате. Зловещие механизмы терроризируют заводской клан и окрестных жителей и топят баржи с продукцией... Из ведьмачьего замка Арзамас-16 присылают для решения этой проблемы сразу двух специалистов — Геральта и Ламберта. И правильно. Одно ружье — хорошо, а два — лучше...
Hizkuntza:errusiera
Argitaratua: Москва, АСТ, 2009
Saila:Звездный лабиринт
Gaiak:
Formatua: MixedMaterials Liburua
KOHA link:https://koha.lib.tpu.ru/cgi-bin/koha/opac-detail.pl?biblionumber=181294

MARC

LEADER 00000nam0a2200000 4500
001 181294
005 20231031171033.0
010 |a 9785170607280 
035 |a (RuTPU)RU\TPU\book\196526 
090 |a 181294 
100 |a 20100604d2009 m y0rusy50 ca 
101 0 |a rus 
102 |a RU 
105 |a y z 000ay 
200 1 |a Ведьмачье слово  |e фантастический роман  |f В. Н. Васильев 
210 |a Москва  |c АСТ  |d 2009 
215 |a 315 с. 
225 1 |a Звездный лабиринт 
330 |a Новые приключения Ведьмака из Большого Киева, чья работа — сражаться не с монстрами и чудовищами, а со взбесившейся техникой! Впрочем, эта профессия очень востребована в поразительном мире, где маги работают механиками, эльфы обитают в «спальных районах», гномы объединяются в шахтерские профсоюзы, а вирги — управляют местными преступными группировками. Случается, впрочем, что и ведьмаки не в силах сразу распознать, с какой такой нечистью они столкнулись на прибрежном химкомбинате. Зловещие механизмы терроризируют заводской клан и окрестных жителей и топят баржи с продукцией... Из ведьмачьего замка Арзамас-16 присылают для решения этой проблемы сразу двух специалистов — Геральта и Ламберта. И правильно. Одно ружье — хорошо, а два — лучше... 
610 1 |a русская литература 
610 1 |a романы 
610 1 |a фантастика 
675 |a Р2  |v 3 
700 1 |a Васильев  |b В. Н.  |g Владимир Николаевич 
801 1 |a RU  |b 63413507  |c 20100604 
801 2 |a RU  |b 63413507  |c 20100610  |g RCR 
942 |c BK